000 00321nam a2200109Ia 4500
008 200302s9999 xx 000 0 und d
100 _aAstrid Zimmermann
245 _aConstructing Landscape Materials Techniques Structural Componets
260 _bBirkhauser Publishers for Architecture
260 _c2009
300 _a533 P.,
999 _c2615
_d2615